[Event "London Classic op U2050-A 11th"]
[Site "London"]
[Date "2019.12.01"]
[Round "5"]
[White "Li, Harry"]
[Black "Heaton, Paul"]
[Result "1-0"]
[WhiteElo "2046"]
[BlackElo "1991"]
[PlyCount "79"]
[EventDate "2019.11.29"]
[EventType "swiss"]
[EventRounds "5"]
[EventCountry "ENG"]
[SourceTitle "CBM 195 Extra"]
[Source "ChessBase"]
[SourceDate "2020.05.31"]
[SourceVersion "1"]
[SourceVersionDate "2020.05.31"]
[SourceQuality "1"]

1. d4 Nf6 2. c4 g6 3. Nc3 Bg7 4. e4 d6 5. Nf3 0-0 6. Be2 e5 7. 0-0 Nc6 8. d5 Ne7 9. Ne1 Ne8 10. Be3 f5 11. f3 f4 12. Bf2 h5 13. c5 g5 14. cxd6 cxd6 15. Rc1 Rf6 16. a4 Rg6 17. Nb5 a6 18. Na3 g4 19. fxg4 hxg4 20. g3 Nf6 21. Bd3 Rh6 22. Ng2 Ng6 23. Nc4 f3 24. Nge3 Ne8 25. a5 Qg5 26. h4 Nxh4 27. gxh4 Rxh4 28. Bxh4 Qxh4 29. Qd2 Bh6 30. Qh2 Qg5 31. Kf2 Bd7 32. Rh1 Kg7 33. Qxh6+ Qxh6 34. Rxh6 Kxh6 35. Nb6 Rd8 36. Nxd7 Rxd7 37. Nxg4+ Kg5 38. Kxf3 Rh7 39. Rg1 Rh3+ 40. Rg3 1-0

[Event "London Classic op U2050-A 11th"]
[Site "London"]
[Date "2019.11.30"]
[Round "3"]
[White "Heaton, Paul"]
[Black "Buanne, Luca"]
[Result "1-0"]
[WhiteElo "1991"]
[BlackElo "1752"]
[PlyCount "117"]
[EventDate "2019.11.29"]
[EventType "swiss"]
[EventRounds "5"]
[EventCountry "ENG"]
[SourceTitle "CBM 195 Extra"]
[Source "ChessBase"]
[SourceDate "2020.05.31"]
[SourceVersion "1"]
[SourceVersionDate "2020.05.31"]
[SourceQuality "1"]

1. d4 Nf6 2. Nc3 d5 3. Bf4 c5 4. e3 a6 5. dxc5 Nc6 6. Nf3 Qa5 7. a3 Qxc5 8. Be2 e6 9. 0-0 Be7 10. Ne5 Nxe5 11. Bxe5 Bd7 12. Qd4 0-0 13. e4 Rfd8 14. exd5 Nxd5 15. Nxd5 Qxd5 16. Qxd5 exd5 17. Rad1 Be6 18. Bf3 Rac8 19. c3 b6 20. Rd3 f6 21. Bg3 d4 22. Rxd4 Rxd4 23. cxd4 Rc2 24. d5 Bf5 25. d6 Bd8 26. Bd5+ Kf8 27. b3 Rd2 28. Bb7 a5 29. Re1 Rd3 30. h3 Rxb3 31. d7 Rb1 32. Bd6+ Kf7 33. Bd5+ Kg6 34. Rxb1 Bxb1 35. f3 Bf5 36. Bc6 Kf7 37. g4 Be6 38. f4 f5 39. g5 Bc4 40. h4 Ke6 41. Be5 Kf7 42. Kf2 b5 43. Ke3 a4 44. Kd4 Bb6+ 45. Kc3 Ba5+ 46. Kb2 Bd8 47. Bd4 Ba5 48. Bc3 Bc7 49. Bb4 Bd8 50. Kc3 Bb6 51. Bc5 Ba5+ 52. Kd4 Bc7 53. Bd5+ Bxd5 54. Kxd5 Bd8 55. Kc6 Ke6 56. Bd4 g6 57. Bf6 b4 58. Bxd8 b3 59. Bf6 1-0

[Event "London Classic op U2050-A 8th"]
[Site "London"]
[Date "2016.12.10"]
[Round "2"]
[White "Heaton, Paul"]
[Black "Yu, X Henry"]
[Result "1-0"]
[WhiteElo "2002"]
[BlackElo "1742"]
[PlyCount "91"]
[EventDate "2016.12.09"]
[EventType "swiss"]
[EventRounds "5"]
[EventCountry "ENG"]
[SourceTitle "EXT 2019"]
[Source "ChessBase"]
[SourceDate "2018.10.10"]
[SourceVersion "1"]
[SourceVersionDate "2018.10.10"]
[SourceQuality "1"]

1. e4 e6 2. d4 d5 3. Nc3 Bb4 4. e5 c5 5. a3 Bxc3+ 6. bxc3 Nc6 7. Nf3 Nge7 8. a4 Nf5 9. Bd3 cxd4 10. Bxf5 exf5 11. cxd4 b6 12. 0-0 0-0 13. Re1 Qd7 14. Ra3 Re8 15. Ng5 h6 16. Nh3 Qe7 17. Nf4 Be6 18. Rg3 Kh7 19. Nh5 Rg8 20. Qd2 g5 21. Nf6+ Kh8 22. Ba3 Qd8 23. Nxg8 Qxg8 24. f4 g4 25. h3 h5 26. hxg4 fxg4 27. Rc3 Na5 28. Qd3 Nc4 29. Be7 Qg6 30. Qxg6 fxg6 31. Ra1 a5 32. Rb1 Rb8 33. Bd6 Rb7 34. Rb5 Kg8 35. Kf2 Kf7 36. Kg3 Ke8 37. Kh4 Kf7 38. Kg5 Kg7 39. Bc5 Bd7 40. Rxb6 Nxb6 41. Bxb6 Bxa4 42. Bxa5 Kf7 43. Rc5 Rb5 44. Rc7+ Ke6 45. Ra7 Bxc2 46. Bd8 1-0

[Event "Davos op 11th"]
[Site "Davos"]
[Date "2013.08.10"]
[Round "5"]
[White "Caretti, Rolando"]
[Black "Heaton, Paul"]
[Result "0-1"]
[WhiteElo "1888"]
[BlackElo "2002"]
[PlyCount "124"]
[EventDate "2013.08.06"]
[EventType "swiss"]
[EventRounds "5"]
[EventCountry "SUI"]
[SourceTitle "CBM 155 Extra"]
[Source "ChessBase"]
[SourceDate "2013.08.26"]
[SourceVersion "1"]
[SourceVersionDate "2013.08.26"]
[SourceQuality "1"]

1. e4 c5 2. Nf3 d6 3. d4 cxd4 4. Nxd4 Nf6 5. Nc3 a6 6. Be2 e5 7. Nf3 Be7 8. 0-0 Qc7 9. a4 h6 10. Be3 Be6 11. a5 Nbd7 12. Nd2 d5 13. exd5 Nxd5 14. Nxd5 Bxd5 15. c4 Bc6 16. Qc2 Bb4 17. c5 Bxd2 18. Qxd2 Nf6 19. Bc4 Rd8 20. Qe2 Bd5 21. Rfe1 0-0 22. b4 Bxc4 23. Qxc4 Rd5 24. h3 Qc6 25. Kh1 Rfd8 26. Kh2 Nd7 27. Rec1 Nb8 28. Rab1 Qa4 29. Ra1 Qc6 30. Qg4 Kf8 31. Qe4 Kg8 32. Rf1 Qb5 33. Qg4 Qd7 34. Qg3 Qe6 35. f4 e4 36. f5 Qf6 37. Qf4 Qe5 38. Qxe5 Rxe5 39. f6 g5 40. h4 Rd3 41. Rae1 Nc6 42. hxg5 hxg5 43. Bf2 g4 44. Bh4 e3 45. Rf4 Rd4 46. Kg3 Rxb4 47. Rxg4+ Rxg4+ 48. Kxg4 Nxa5 49. Kf4 Nc4 50. Rb1 Rxc5 51. Rxb7 Nd6 52. Ra7 a5 53. Be1 Nc4 54. Ke4 Rh5 55. Kd4 Rh1 56. Bc3 Nd6 57. Kxe3 Rc1 58. Kd3 Rxc3+ 59. Kxc3 Nb5+ 60. Kb3 Nxa7 61. Kc4 Nc6 62. Kb5 Kh7 0-1

[Event "Davos op 11th"]
[Site "Davos"]
[Date "2013.08.08"]
[Round "3"]
[White "Arntsen, Frode"]
[Black "Heaton, Paul"]
[Result "1/2-1/2"]
[WhiteElo "1800"]
[BlackElo "2002"]
[PlyCount "51"]
[EventDate "2013.08.06"]
[EventType "swiss"]
[EventRounds "5"]
[EventCountry "SUI"]
[SourceTitle "CBM 155 Extra"]
[Source "ChessBase"]
[SourceDate "2013.08.26"]
[SourceVersion "1"]
[SourceVersionDate "2013.08.26"]
[SourceQuality "1"]

1. c4 Nf6 2. g3 c5 3. Bg2 Nc6 4. Nc3 g6 5. Nf3 Bg7 6. 0-0 0-0 7. d4 cxd4 8. Nxd4 Nxd4 9. Qxd4 d6 10. b3 Be6 11. Bb2 Nd5 12. Qd2 Nxc3 13. Bxc3 Bxc3 14. Qxc3 Rb8 15. Rad1 Qc7 16. Rc1 Rfc8 17. Qe3 Qc5 18. Qxc5 Rxc5 19. Rfd1 b5 20. cxb5 Rbxb5 21. e3 Ra5 22. Rxc5 dxc5 23. Bd5 Rxa2 24. Bxe6 fxe6 25. Rd7 Kf7 26. Rc7 1/2-1/2

[Event "Davos op 11th"]
[Site "Davos"]
[Date "2013.08.07"]
[Round "2"]
[White "Heaton, Paul"]
[Black "Paleologu, Vladimir"]
[Result "0-1"]
[WhiteElo "2002"]
[BlackElo "2150"]
[PlyCount "58"]
[EventDate "2013.08.06"]
[EventType "swiss"]
[EventRounds "5"]
[EventCountry "SUI"]
[SourceTitle "CBM 155 Extra"]
[Source "ChessBase"]
[SourceDate "2013.08.26"]
[SourceVersion "1"]
[SourceVersionDate "2013.08.26"]
[SourceQuality "1"]

1. c4 e5 2. g3 Nf6 3. Bg2 d5 4. cxd5 Nxd5 5. Nc3 Nb6 6. Nf3 Nc6 7. 0-0 Be7 8. a3 g5 9. b4 g4 10. Ne1 h5 11. Nc2 h4 12. d3 Nd4 13. Nxd4 Qxd4 14. Bb2 hxg3 15. hxg3 c6 16. Qc1 Qd6 17. Rd1 Rh5 18. Ne4 Qg6 19. d4 f5 20. Nc5 e4 21. a4 Nd5 22. Bc3 b6 23. Nb3 Ba6 24. Ra2 Kf7 25. a5 Bc4 26. Rb2 Rah8 27. Kf1 Rh2 28. Bd2 b5 29. Be3 Qh5 0-1

[Event "Sunningdale e2e4 op U2050 05"]
[Site "Sunningdale"]
[Date "2013.05.26"]
[Round "5"]
[White "Heaton, Paul"]
[Black "Knight, Colin B"]
[Result "0-1"]
[WhiteElo "2002"]
[BlackElo "1915"]
[PlyCount "97"]
[EventDate "2013.05.24"]
[EventType "swiss"]
[EventRounds "7"]
[EventCountry "ENG"]
[SourceTitle "EXT 2014"]
[Source "ChessBase"]
[SourceDate "2013.11.20"]
[SourceVersion "1"]
[SourceVersionDate "2013.11.20"]
[SourceQuality "1"]

1. c4 Nf6 2. g3 g6 3. Bg2 Bg7 4. Nc3 c6 5. e4 d6 6. Nge2 0-0 7. d3 e5 8. 0-0 Be6 9. h3 Qd7 10. Kh2 d5 11. cxd5 cxd5 12. Bg5 d4 13. Na4 Na6 14. b3 Rac8 15. f4 Nh5 16. f5 gxf5 17. exf5 Bxf5 18. g4 Bxg4 19. hxg4 Qxg4 20. Be7 e4 21. Bxf8 Be5+ 22. Kg1 Qh4 23. Rf5 Bh2+ 24. Kf1 Kxf8 25. Qe1 Qg4 26. Qf2 exd3 27. Rxf7+ Kg8 28. Nxd4 Ng3+ 29. Ke1 Bg1 30. Qf4 Re8+ 31. Kd2 Be3+ 32. Qxe3 Rxe3 33. Kxe3 Kxf7 34. Kxd3 Qg5 35. Bxb7 Nc5+ 36. Nxc5 Qxc5 37. Bf3 Nf5 38. Nxf5 Qxf5+ 39. Be4 Qb5+ 40. Ke3 h5 41. Rh1 h4 42. Kf4 Qb8+ 43. Ke3 Qg3+ 44. Kd4 Qf2+ 45. Kc4 Qxa2 46. Rxh4 Qa6+ 47. Kb4 Qd6+ 48. Ka4 Qd7+ 49. Ka5 0-1

[Event "Gibraltar Challengers-B 10th"]
[Site "Caleta"]
[Date "2012.01.29"]
[Round "2"]
[White "Heaton, Paul"]
[Black "Peredy, Ferenc"]
[Result "1-0"]
[WhiteElo "1998"]
[BlackElo "2180"]
[PlyCount "107"]
[EventDate "2012.01.28"]
[EventType "swiss"]
[EventRounds "5"]
[EventCountry "GGB"]
[SourceTitle "CBM 146 Extra"]
[Source "ChessBase"]
[SourceDate "2012.02.29"]
[SourceVersion "1"]
[SourceVersionDate "2012.02.29"]
[SourceQuality "1"]

1. c4 b6 2. Nf3 Bb7 3. Nc3 c5 4. e4 g6 5. g3 Bg7 6. d3 Nc6 7. Bg2 d6 8. 0-0 e6 9. Be3 Nge7 10. Qd2 0-0 11. Bh6 a6 12. Bxg7 Kxg7 13. d4 cxd4 14. Nxd4 Qc7 15. Rac1 Na5 16. b3 Rad8 17. Bh3 Bc8 18. f4 Ng8 19. f5 Rfe8 20. Rf2 Nc6 21. Nxc6 Qxc6 22. Qd4+ e5 23. Qd5 Qc7 24. fxg6 hxg6 25. Bxc8 Rxc8 26. Rcf1 Rf8 27. Nd1 Qe7 28. Ne3 Rc5 29. Qd3 Qe6 30. Nd5 b5 31. cxb5 axb5 32. a4 bxa4 33. bxa4 Qd7 34. Qb3 Qc6 35. Rxf7+ Rxf7 36. Rxf7+ Kh8 37. Rc7 Qe8 38. Rxc5 dxc5 39. a5 Qc6 40. Qb8 Qa4 41. Qxe5+ Kh7 42. Qc7+ Kh6 43. Qxc5 Qd1+ 44. Kg2 Qe2+ 45. Qf2 Qxe4+ 46. Qf3 Qc2+ 47. Kh3 Qc8+ 48. g4 Qa6 49. g5+ Kh7 50. Nf6+ Nxf6 51. gxf6 Kg8 52. Qb3+ Kf8 53. Qb8+ Kf7 54. Qc7+ 1-0

[Event "London Classic op"]
[Site "London"]
[Date "2011.12.08"]
[Round "6"]
[White "Veznik, Michael"]
[Black "Heaton, Paul"]
[Result "1/2-1/2"]
[WhiteElo "1821"]
[BlackElo "2026"]
[PlyCount "103"]
[EventDate "2011.12.03"]
[EventType "swiss"]
[EventRounds "9"]
[EventCountry "ENG"]
[SourceTitle "CBM 145 Extra"]
[Source "ChessBase"]
[SourceDate "2012.01.03"]
[SourceVersion "1"]
[SourceVersionDate "2012.01.03"]
[SourceQuality "1"]

1. c4 Nf6 2. Nc3 g6 3. g3 Bg7 4. Bg2 0-0 5. d4 d6 6. e4 e5 7. d5 a5 8. Nge2 Na6 9. 0-0 Nh5 10. Be3 f5 11. exf5 gxf5 12. f4 Nf6 13. h3 Qe7 14. fxe5 dxe5 15. Qd2 Nc5 16. Bg5 Ra6 17. Rae1 h6 18. Bh4 Ncd7 19. b3 Qc5+ 20. Kh1 Nb6 21. Nc1 e4 22. N1e2 c6 23. dxc6 bxc6 24. Nf4 Ra7 25. g4 fxg4 26. Bf2 Qb4 27. a3 Qxb3 28. Rb1 Qxc4 29. Bxb6 Rd7 30. Qc1 Rdf7 31. Ng6 gxh3 32. Bxh3 Bxh3 33. Rg1 Re8 34. Bxa5 Nd5 35. Qxh6 Bxh6 36. Ne5+ Kh7 37. Nxc4 Rg8 38. Nxe4 Rxg1+ 39. Rxg1 Rf4 40. Ncd6 Bf1 41. Ng5+ Bxg5 42. Rxg5 Ra4 43. Bd2 Rxa3 44. Kg1 Ra2 45. Be1 Bd3 46. Bf2 Nf4 47. Rc5 Nh3+ 48. Kg2 Nxf2 49. Rxc6 Ng4+ 50. Kg3 Nf6 51. Kf4 Ra5 52. Ke3 1/2-1/2

[Event "Gibraltar Challengers-B 9th"]
[Site "Caleta"]
[Date "2011.02.02"]
[Round "5"]
[White "Kandic, Milan"]
[Black "Heaton, Paul"]
[Result "1-0"]
[WhiteElo "2143"]
[BlackElo "2027"]
[PlyCount "75"]
[EventDate "2011.01.29"]
[EventType "swiss"]
[EventRounds "5"]
[EventCountry "GGB"]
[SourceTitle "CBM 140 Extra"]
[Source "ChessBase"]
[SourceDate "2011.03.01"]
[SourceVersion "1"]
[SourceVersionDate "2011.03.01"]
[SourceQuality "1"]

1. e4 c5 2. Nf3 d6 3. Nc3 Nf6 4. d4 cxd4 5. Nxd4 a6 6. Bc4 e6 7. Bb3 Be7 8. Be3 Nbd7 9. f3 Nc5 10. Qd2 Qc7 11. g4 b5 12. g5 Nfd7 13. 0-0-0 Bb7 14. Kb1 Nxb3 15. axb3 Rc8 16. h4 Nb6 17. h5 d5 18. e5 Nd7 19. f4 Bb4 20. Ncxb5 Bxd2 21. Nxc7+ Rxc7 22. Rxd2 Nc5 23. Rg2 Kd7 24. Rgh2 Ne4 25. Rd1 Rhc8 26. f5 exf5 27. Nxf5 Ke6 28. Nxg7+ Kxe5 29. Rf1 Rd7 30. Bf4+ Kd4 31. Be3+ Ke5 32. c3 Kd6 33. Nf5+ Ke6 34. Nd4+ Ke7 35. g6 hxg6 36. hxg6 fxg6 37. Rh7+ Kd6 38. Bf4+ 1-0

[Event "London Classic op"]
[Site "London"]
[Date "2010.12.12"]
[Round "5"]
[White "Heaton, Paul"]
[Black "Pedersen, Carsten"]
[Result "1/2-1/2"]
[WhiteElo "2029"]
[BlackElo "2154"]
[PlyCount "68"]
[EventDate "2010.12.08"]
[EventType "swiss"]
[EventRounds "9"]
[EventCountry "ENG"]
[SourceTitle "CBM 139 Extra"]
[Source "ChessBase"]
[SourceDate "2011.01.05"]
[SourceVersion "1"]
[SourceVersionDate "2011.01.05"]
[SourceQuality "1"]

1. c4 e5 2. g3 Nc6 3. Nc3 g6 4. Bg2 Bg7 5. e4 d6 6. Nge2 f5 7. d3 Nf6 8. 0-0 0-0 9. Nd5 Nh5 10. Rb1 fxe4 11. dxe4 h6 12. Be3 Bg4 13. f3 Be6 14. Qd2 Kh7 15. b4 Ne7 16. Nxe7 Qxe7 17. c5 Rfd8 18. cxd6 cxd6 19. Nc3 Nf6 20. Qf2 b6 21. Rfe1 Rac8 22. Rbc1 d5 23. Nxd5 Nxd5 24. exd5 Bxd5 25. a3 Qb7 26. Rxc8 Rxc8 27. Rc1 Rf8 28. f4 exf4 29. Bxf4 Rf7 30. Rd1 Bxg2 31. Qxg2 Qa6 32. Qd5 Re7 33. Qd3 Qa4 34. h4 h5 1/2-1/2

[Event "London Classic op"]
[Site "London"]
[Date "2010.12.10"]
[Round "3"]
[White "Heaton, Paul"]
[Black "Osborne, Marcus E"]
[Result "0-1"]
[WhiteElo "2029"]
[BlackElo "2229"]
[PlyCount "78"]
[EventDate "2010.12.08"]
[EventType "swiss"]
[EventRounds "9"]
[EventCountry "ENG"]
[SourceTitle "CBM 139 Extra"]
[Source "ChessBase"]
[SourceDate "2011.01.05"]
[SourceVersion "1"]
[SourceVersionDate "2011.01.05"]
[SourceQuality "1"]

1. c4 e5 2. g3 c6 3. d4 Bb4+ 4. Bd2 Bxd2+ 5. Qxd2 d6 6. dxe5 dxe5 7. Qxd8+ Kxd8 8. Nf3 f6 9. Nc3 Be6 10. b3 Nd7 11. Ne4 a5 12. Bg2 Nh6 13. 0-0 Ke7 14. Ne1 f5 15. Ng5 Nc5 16. Nxe6 Kxe6 17. Nc2 Rhd8 18. Rfd1 Nf7 19. f3 Nd6 20. Rd2 Rd7 21. e4 g6 22. Rad1 a4 23. Rb1 axb3 24. axb3 Ke7 25. exf5 gxf5 26. Ne3 Ne6 27. b4 f4 28. gxf4 exf4 29. Ng4 Nxc4 30. Re2 Rd2 31. Re4 Nd6 32. Re5 Nf7 33. Rh5 Raa2 34. Bh3 Neg5 35. Re1+ Kf8 36. Rf1 Kg7 37. Kh1 Kg6 38. Rh4 h5 39. Re1 Nxf3 0-1

[Event "London Classic op"]
[Site "London"]
[Date "2010.12.09"]
[Round "2"]
[White "Heaton, Paul"]
[Black "Staneland, Peter E"]
[Result "1-0"]
[WhiteElo "2029"]
[BlackElo "1787"]
[PlyCount "121"]
[EventDate "2010.12.08"]
[EventType "swiss"]
[EventRounds "9"]
[EventCountry "ENG"]
[SourceTitle "CBM 139 Extra"]
[Source "ChessBase"]
[SourceDate "2011.01.05"]
[SourceVersion "1"]
[SourceVersionDate "2011.01.05"]
[SourceQuality "1"]

1. c4 c5 2. g3 Nf6 3. Bg2 Nc6 4. Nc3 g6 5. e4 Bg7 6. Nge2 e5 7. d3 h6 8. 0-0 d6 9. a3 Bg4 10. f3 Bd7 11. Rb1 a5 12. Nb5 Be6 13. f4 Bg4 14. Qe1 0-0 15. Nec3 Bc8 16. h3 Ra6 17. Bd2 Re8 18. Qf2 Kh7 19. Kh1 a4 20. Kh2 Nd4 21. Nxd4 cxd4 22. Nd5 Nxd5 23. cxd5 f5 24. Bb4 Rf8 25. Qd2 Bd7 26. Rf2 Bb5 27. Rbf1 Bd7 28. Qd1 Rf7 29. b3 axb3 30. Qxb3 b5 31. Qd1 Bc8 32. Rc2 Raa7 33. Qc1 Rac7 34. Rff2 Kh8 35. Rc6 Bb7 36. Rxc7 Rxc7 37. Rc2 Rxc2 38. Qxc2 Bf8 39. fxe5 dxe5 40. Bxf8 Qxf8 41. Qc7 Qg7 42. Qxg7+ Kxg7 43. exf5 gxf5 44. d6 Bc8 45. Bc6 e4 46. Kg1 Kf6 47. d7 Bxd7 48. Bxd7 e3 49. Bxb5 Ke5 50. a4 f4 51. gxf4+ Kxf4 52. a5 Kg3 53. Kf1 h5 54. a6 h4 55. Bd7 Kh2 56. a7 e2+ 57. Kxe2 Kg1 58. a8Q Kh2 59. Qg8 Kh1 60. Bc6+ Kh2 61. Qg2# 1-0

[Event "London Classic op"]
[Site "London"]
[Date "2010.12.08"]
[Round "1"]
[White "Rendle, Thomas E"]
[Black "Heaton, Paul"]
[Result "1-0"]
[WhiteElo "2400"]
[BlackElo "2029"]
[PlyCount "51"]
[EventDate "2010.12.08"]
[EventType "swiss"]
[EventRounds "9"]
[EventCountry "ENG"]
[SourceTitle "CBM 139 Extra"]
[Source "ChessBase"]
[SourceDate "2011.01.05"]
[SourceVersion "1"]
[SourceVersionDate "2011.01.05"]
[SourceQuality "1"]

1. e4 e6 2. d4 d5 3. Nd2 Nf6 4. e5 Nfd7 5. Bd3 c5 6. c3 Nc6 7. Ngf3 Be7 8. 0-0 a5 9. Re1 g5 10. dxc5 Nxc5 11. Bc2 g4 12. Nd4 h5 13. N2b3 Bd7 14. Nxc5 Bxc5 15. Be3 Qb6 16. Rb1 0-0-0 17. b4 axb4 18. a3 Nxd4 19. Bxd4 Bxd4 20. cxd4 Bc6 21. Rxb4 Qa7 22. Ba4 Rd7 23. Qb3 Rc7 24. Rb1 Kd7 25. Bxc6+ Kxc6 26. Ra4 1-0

[Event "Sunningdale op"]
[Site "Sunningdale"]
[Date "2010.09.11"]
[Round "2"]
[White "Heaton, Paul"]
[Black "Mangione, Claudio"]
[Result "0-1"]
[WhiteElo "2028"]
[BlackElo "2087"]
[PlyCount "68"]
[EventDate "2010.09.10"]
[EventType "swiss"]
[EventRounds "5"]
[EventCountry "ENG"]
[SourceTitle "CBM 138 Extra"]
[Source "ChessBase"]
[SourceDate "2010.10.29"]
[SourceVersion "1"]
[SourceVersionDate "2010.10.29"]
[SourceQuality "1"]

1. c4 Nf6 2. Nc3 e5 3. g3 Bb4 4. Bg2 0-0 5. e3 Bxc3 6. bxc3 Re8 7. Ne2 d6 8. 0-0 e4 9. f3 exf3 10. Bxf3 c6 11. Rb1 d5 12. cxd5 cxd5 13. c4 dxc4 14. Qc2 Nc6 15. Bb2 Ne5 16. Bxe5 Rxe5 17. Bxb7 Bxb7 18. Rxb7 Qd5 19. Rc7 Rd8 20. Nd4 Rf8 21. Qxc4 Qa5 22. Rf2 h6 23. Rc8 Rxc8 24. Qxc8+ Re8 25. Qc6 Rb8 26. Qc4 Rb2 27. Qc8+ Kh7 28. Nf5 Rb1+ 29. Kg2 Qd5+ 30. Kh3 Ne4 31. Rf4 Ng5+ 32. Kg4 Qg2 33. Rc4 Rf1 34. Nxh6 gxh6 0-1

[Event "Sunningdale op"]
[Site "Sunningdale"]
[Date "2010.09.10"]
[Round "1"]
[White "Heaton, Paul"]
[Black "Croad, Nicholas"]
[Result "0-1"]
[WhiteElo "2028"]
[BlackElo "2297"]
[PlyCount "66"]
[EventDate "2010.09.10"]
[EventType "swiss"]
[EventRounds "5"]
[EventCountry "ENG"]
[SourceTitle "CBM 138 Extra"]
[Source "ChessBase"]
[SourceDate "2010.10.29"]
[SourceVersion "1"]
[SourceVersionDate "2010.10.29"]
[SourceQuality "1"]

1. c4 c5 2. Nf3 b6 3. g3 Bb7 4. Bg2 Nf6 5. 0-0 e6 6. b3 Be7 7. Bb2 0-0 8. d4 cxd4 9. Nxd4 Bxg2 10. Kxg2 Qc7 11. Nc3 a6 12. Rc1 d6 13. Qc2 Nbd7 14. Rfd1 Rac8 15. Nf3 Qb7 16. Kg1 Nc5 17. Rd4 b5 18. Rh4 h6 19. b4 Ncd7 20. cxb5 axb5 21. Qd3 d5 22. a3 Ne4 23. Rh3 Bf6 24. Qe3 Nd6 25. Nd1 Nc4 26. Qb3 Nxb2 27. Rxc8 Qxc8 28. Nxb2 Qc1+ 29. Nd1 Ra8 30. Qd3 Rxa3 31. Qxb5 Qxd1+ 32. Kg2 Ra1 33. Rh5 Qf1# 0-1